00650nam a2200181 i 450000100060000000300090000600500170001500700030003200800410003510000460007624500890012225000150021126000490022630000220027585200320029799900170032995201220034669543ES-MaACL20230906170538.0t|040707s1971 sp ||||1| spa d1 aGarcía y Domínguez, Ulpiano R.95542810aCompendio de delitos y faltas sobre desacatos / cUlpiano R. García y Domínguez. a[1ª ed.]. a[Madrid : bs.n., c1971] (fGráf. C.I.M.) a171 p. ; c22 cm. aES-MaACLjC-47493 bR.78969 c69543d69543 00104070aATENEOMbATENEOMcDEPO2d2008-01-17eSCl0oC-47493p1072821r2023-02-23 00:00:00w2023-02-23yMONOGRAFIA